[Event "BL 1617 SP Schwegenheim - DJK Aachen"]
[Site "?"]
[Date "2017.02.18"]
[Round "7.3"]
[White "Swinkels, Robin"]
[Black "Kantans, Toms"]
[Result "0-1"]
[WhiteElo "2485"]
[BlackElo "2449"]
[PlyCount "198"]
[EventDate "2017.??.??"]

1. d4 Nf6 2. c4 g6 3. g3 Bg7 4. Bg2 d5 5. cxd5 Nxd5 6. Nf3 O-O 7. O-O Nb6 8.
Nc3 Nc6 9. e3 Re8 10. a3 e5 11. d5 Ne7 12. e4 Bg4 13. h3 Bxf3 14. Qxf3 c6 15.
Rd1 cxd5 16. exd5 Nf5 17. d6 Rb8 18. Be3 Nd4 19. Bxd4 exd4 20. Nb5 Nc4 21. Qb3
Nxd6 22. Nxd4 Qa5 23. Nf3 Rbd8 24. Rd5 Qc7 25. Rad1 Bf6 26. Nh2 b6 27. Ng4 Bg7
28. Qd3 Nb7 29. Rd7 Rxd7 30. Qxd7 Re7 31. Qxc7 Rxc7 32. b4 Kf8 33. Ne3 b5 34.
Rd5 a6 35. Rd2 Ke8 36. Kh2 Nd8 37. Rd6 Ra7 38. Nd5 Be5 39. Rb6 Bd4 40. Rxa6
Rxa6 41. Nc7+ Kd7 42. Nxa6 Bxf2 43. Bd5 Ba7 44. Bb3 Ne6 45. Kg2 Kc6 46. a4 Nd4
47. Bd1 h6 48. Kh2 Kb7 49. axb5 Nxb5 50. Nc5+ Bxc5 51. bxc5 Kc6 52. Bb3 f6 53.
h4 Nd4 54. Bf7 g5 55. hxg5 hxg5 56. Kg2 Kxc5 57. Kf2 Kd6 58. Bg6 Ke5 59. Bb1
Nb5 60. Ke3 Nc3 61. Bh7 Nd5+ 62. Kd3 Ne7 63. Ke3 f5 64. g4 f4+ 65. Kf2 Kd4 66.
Bb1 Nc6 67. Bf5 Ne5 68. Ke2 Nc4 69. Be6 Nd6 70. Bd7 Kc3 71. Bc6 Nf7 72. Be4 Ne5
73. Bf5 Nc6 74. Be4 Nd4+ 75. Kd1 Nb3 76. Bd5 Nc5 77. Ke2 Kd4 78. Bf7 Ne4 79.
Bg6 Ng3+ 80. Kf2 Kc3 81. Ke1 Kd4 82. Kf2 Ne4+ 83. Ke2 Nc3+ 84. Kf2 Nd1+ 85. Ke2
Ne3 86. Bh5 Kc3 87. Ke1 Kd3 88. Kf2 Kd2 89. Kf3 Ke1 90. Be8 Nc4 91. Bb5 Nd2+
92. Kg2 f3+ 93. Kg3 f2 94. Kg2 f1=Q+ 95. Bxf1 Nxf1 96. Kf3 Nd2+ 97. Ke3 Kd1 98.
Kd3 Nf3 99. Ke3 Nh4 0-1

[Event "BL 1617 SP Schwegenheim - DJK Aachen"]
[Site "?"]
[Date "2017.02.18"]
[Round "7.4"]
[White "Meskovs, Nikita"]
[Black "Burg, Twan"]
[Result "1-0"]
[WhiteElo "2490"]
[BlackElo "2508"]
[PlyCount "113"]
[EventDate "2017.??.??"]

1. d4 Nf6 2. c4 e6 3. Nf3 d5 4. g3 Bb4+ 5. Bd2 Be7 6. Bg2 c6 7. Qc2 O-O 8. O-O
Nbd7 9. b3 b6 10. Nc3 Ba6 11. e4 dxc4 12. Rfd1 cxb3 13. axb3 Qc8 14. Bf4 Re8
15. Ne5 Nxe5 16. dxe5 Nh5 17. Be3 g6 18. f4 Ng7 19. g4 Rd8 20. f5 Ne8 21. Rxd8
Bxd8 22. fxe6 fxe6 23. Qf2 Be7 24. g5 Ng7 25. Bh3 Qd7 26. Qe1 Bb7 27. Nd1 Qd3
28. Nf2 Qxb3 29. Ng4 Nh5 30. Rd1 Bb4 31. Nh6+ Kh8 32. Bxe6 Qc2 33. Qf1 Qxe4 34.
Qd3 Qxd3 35. Rxd3 Ng7 36. Ba2 Nf5 37. Nxf5 gxf5 38. Rd7 Ba6 39. g6 hxg6 40. Bg5
Rf8 41. Bf6+ Rxf6 42. exf6 Bb5 43. Rxa7 g5 44. Bb1 Kg8 45. Bxf5 Bc4 46. Bh7+
Kf8 47. Bg6 Kg8 48. Kg2 Bf8 49. Kf3 Be6 50. Ke4 Bd6 51. Ra8+ Bf8 52. Ke5 Bd5
53. Ra7 g4 54. Bh7+ Kh8 55. Bf5 Bf3 56. Rh7+ Kg8 57. f7# 1-0

[Event "BL 1617 SP Schwegenheim - DJK Aachen"]
[Site "?"]
[Date "2017.02.18"]
[Round "7.5"]
[White "Hoffmann, Michael"]
[Black "Kovacs, Gabor"]
[Result "0-1"]
[WhiteElo "2465"]
[BlackElo "2457"]
[PlyCount "94"]
[EventDate "2017.??.??"]

1. c4 e6 2. g3 d5 3. Bg2 Nf6 4. Nf3 Be7 5. d4 O-O 6. O-O dxc4 7. Ne5 Qd6 8.
Nxc4 Qa6 9. Qb3 Nc6 10. e3 b5 11. Ne5 Bb7 12. a4 b4 13. Nxc6 Bxc6 14. Bxc6 Qxc6
15. Bd2 Rfc8 16. Rc1 Qf3 17. Be1 c5 18. dxc5 Bxc5 19. Nd2 Qh5 20. Kg2 Bf8 21.
Qd3 Qe5 22. Nc4 Qc5 23. e4 Rd8 24. Qe2 Qc6 25. f3 Qa6 26. b3 Bc5 27. Ra2 Rac8
28. Rd1 Rxd1 29. Qxd1 Be7 30. Bf2 Rd8 31. Rd2 Rxd2 32. Qxd2 Qb7 33. Qd4 a6 34.
Na5 Qc7 35. Qb6 Qxb6 36. Bxb6 Nd7 37. Nc6 Nxb6 38. Nxe7+ Kf8 39. Nc6 Nxa4 40.
Nxb4 Nc5 41. Kf2 a5 42. Nc2 Nxb3 43. Ke3 Ke7 44. Kd3 Kd6 45. Kc3 a4 46. Kb4 Nd2
47. Nd4 a3 0-1

[Event "BL 1617 SP Schwegenheim - DJK Aachen"]
[Site "?"]
[Date "2017.02.18"]
[Round "7.6"]
[White "Shytaj, Luca"]
[Black "Braga, Fernando"]
[Result "1-0"]
[WhiteElo "2452"]
[BlackElo "2414"]
[PlyCount "47"]
[EventDate "2017.??.??"]

1. e4 e6 2. d4 d5 3. Nd2 Be7 4. Ngf3 Nf6 5. e5 Nfd7 6. Bd3 c5 7. c3 Nc6 8. O-O
g5 9. Nb1 Qb6 10. dxc5 Nxc5 11. Re1 Bd7 12. Bc2 a5 13. Nxg5 Bxg5 14. Bxg5 Qxb2
15. Nd2 Qxc3 16. Rc1 Qa3 17. Bf6 Rf8 18. Bxh7 Na6 19. Bb1 Ncb4 20. Re3 Qa4 21.
Rb3 Rc8 22. a3 Nc6 23. Rxb7 Qxa3 24. Nc4 1-0

[Event "BL 1617 SP Schwegenheim - DJK Aachen"]
[Site "?"]
[Date "2017.02.18"]
[Round "7.8"]
[White "Mager, Denis"]
[Black "van Foreest, Lucas"]
[Result "0-1"]
[WhiteElo "2320"]
[BlackElo "2453"]
[PlyCount "44"]
[EventDate "2017.??.??"]

1. c4 Nf6 2. Nc3 e6 3. e4 c5 4. Nf3 Nc6 5. e5 Ng4 6. Qe2 Qc7 7. Nb5 Qb8 8. d4
cxd4 9. Bf4 Bb4+ 10. Bd2 Bc5 11. Qe4 f5 12. Qf4 O-O 13. Nbxd4 Nxd4 14. Nxd4 d6
15. h3 dxe5 16. Qf3 Nxf2 17. Qxf2 exd4 18. Be2 Qd6 19. Qh4 d3 20. Bf3 Qe5+ 21.
Kd1 Qxb2 22. Rc1 Bd7 0-1

[Event "BL 1617 Werder Bremen - Bayern München"]
[Site "?"]
[Date "2017.02.19"]
[Round "8.1"]
[White "Bezold, Michael"]
[Black "McShane, Luke J"]
[Result "0-1"]
[WhiteElo "2501"]
[BlackElo "2644"]
[PlyCount "72"]
[EventDate "2017.??.??"]

1. c4 Nf6 2. Nc3 g6 3. g3 Bg7 4. Bg2 O-O 5. Nf3 Nc6 6. d3 a6 7. Rb1 b5 8. O-O
Rb8 9. b3 d6 10. Bb2 e5 11. Nd2 Ne7 12. Rc1 c6 13. e3 Bg4 14. Ne2 Qd7 15. d4
Rbd8 16. Re1 h5 17. Qc2 h4 18. dxe5 dxe5 19. Nf3 hxg3 20. Nxg3 Bxf3 21. Bxf3
Qe6 22. Ba3 Rfe8 23. Red1 Rc8 24. Kg2 Nf5 25. Nxf5 e4 26. Be2 Qxf5 27. Bd6 Ng4
28. Bg3 Be5 29. Rd2 Nxh2 30. Bxh2 Bxh2 31. Rh1 Be5 32. Kf1 Kg7 33. Rg1 Qh3+ 34.
Ke1 Rcd8 35. Kd1 Bf6 36. Kc1 Qh2 0-1

[Event "BL 1617 Werder Bremen - Bayern München"]
[Site "?"]
[Date "2017.02.19"]
[Round "8.2"]
[White "Bluebaum, Matthias"]
[Black "Fedorovsky, Michael"]
[Result "1-0"]
[WhiteElo "2632"]
[BlackElo "2482"]
[PlyCount "101"]
[EventDate "2017.??.??"]

1. d4 Nf6 2. c4 e6 3. Nc3 Bb4 4. f3 O-O 5. a3 Bxc3+ 6. bxc3 Ne8 7. e4 c5 8. Bd3
b6 9. f4 f5 10. Nf3 Nc6 11. O-O Ba6 12. d5 Na5 13. e5 d6 14. Ng5 Nc7 15. dxe6
dxe5 16. fxe5 h6 17. Nf7 Qe7 18. Bxf5 Nxe6 19. Qg4 Rxf7 20. Bxe6 Qxe6 21. Qxe6
Bxc4 22. Rxf7 Bxe6 23. Re7 Bb3 24. Bf4 Rf8 25. Rf1 Rf7 26. Re8+ Kh7 27. e6 Rf6
28. Bb8 Rxe6 29. Rxe6 Bxe6 30. Bxa7 Nc4 31. Re1 Bd5 32. Re7 Kg6 33. Rd7 Be6 34.
Rb7 Bd5 35. Rd7 Be6 36. Rb7 Bd5 37. Rb8 Nxa3 38. Rxb6+ Kf5 39. Rd6 Be4 40. Bxc5
Nb5 41. Rd7 Nxc3 42. Rxg7 Ne2+ 43. Kf2 Nc3 44. Be3 h5 45. Bd2 Nd1+ 46. Ke2 Nb2
47. Rg5+ Kf6 48. Rxh5 Bxg2 49. Bc3+ Kg6 50. Rh4 Kg5 51. Rd4 1-0

[Event "BL 1617 Werder Bremen - Bayern München"]
[Site "?"]
[Date "2017.02.19"]
[Round "8.3"]
[White "Dragnev, Valentin"]
[Black "Hracek, Zbynek"]
[Result "0-1"]
[WhiteElo "2502"]
[BlackElo "2610"]
[PlyCount "66"]
[EventDate "2017.??.??"]

1. e4 c5 2. Nf3 d6 3. Bb5+ Bd7 4. Bxd7+ Nxd7 5. O-O Ngf6 6. Qe2 Rc8 7. b3 g6 8.
Bb2 Bg7 9. d4 cxd4 10. Nxd4 O-O 11. c4 Nh5 12. Rd1 a6 13. Nc3 e6 14. g3 Re8 15.
Rac1 Qa5 16. Nf3 Rc6 17. Na4 Bxb2 18. Qxb2 Nhf6 19. Re1 b5 20. Nd4 Rcc8 21.
cxb5 axb5 22. Nc3 b4 23. Na4 Rxc1 24. Qxc1 Ne5 25. Qc2 Qa7 26. Rd1 Qb7 27. f4
Rc8 28. Qe2 Ned7 29. Re1 Qa7 30. Rd1 e5 31. fxe5 dxe5 32. Qf3 exd4 33. e5 Ne8
0-1

[Event "BL 1617 Werder Bremen - Bayern München"]
[Site "?"]
[Date "2017.02.19"]
[Round "8.4"]
[White "Babula, Vlastimil"]
[Black "Johansson, Linus"]
[Result "1-0"]
[WhiteElo "2552"]
[BlackElo "2408"]
[PlyCount "87"]
[EventDate "2017.??.??"]

1. d4 Nf6 2. c4 e6 3. Nf3 d5 4. Nc3 Nbd7 5. Bf4 dxc4 6. e3 b5 7. Nxb5 Bb4+ 8.
Nc3 Nd5 9. Rc1 N7b6 10. Bg3 O-O 11. Be2 c5 12. O-O Nxc3 13. bxc3 Ba3 14. Rb1
Ba6 15. Ne5 cxd4 16. exd4 f6 17. Nc6 Qd7 18. Bf3 Bb7 19. d5 Nxd5 20. Nd4 Rad8
21. Rxb7 Qxb7 22. Nxe6 Qb5 23. Nxd8 Rxd8 24. Qd4 Rd7 25. Qe4 Nc7 26. Be2 Qb8
27. Bxc4+ Kh8 28. h3 Qd8 29. Rb1 Bc5 30. Kh2 Bb6 31. Re1 g6 32. h4 Kg7 33. h5
Nd5 34. Qf3 Bc7 35. Re6 Bxg3+ 36. Qxg3 Ne7 37. h6+ Kxh6 38. Qh4+ Kg7 39. Qxf6+
Kh6 40. Qf4+ Kg7 41. Qf6+ Kh6 42. Re3 Qc7+ 43. f4 Qxc4 44. Rh3# 1-0

[Event "BL 1617 Werder Bremen - Bayern München"]
[Site "?"]
[Date "2017.02.19"]
[Round "8.6"]
[White "Markgraf, Rolf-Alexander"]
[Black "Schenk, Andreas"]
[Result "1-0"]
[WhiteElo "2509"]
[BlackElo "2457"]
[PlyCount "73"]
[EventDate "2017.??.??"]

1. e4 e6 2. d4 d5 3. Nc3 Nf6 4. e5 Nfd7 5. f4 c5 6. Nf3 Be7 7. Be3 b6 8. Be2
O-O 9. O-O Ba6 10. f5 Bxe2 11. Nxe2 exf5 12. c3 cxd4 13. cxd4 b5 14. Qd3 g6 15.
Bh6 Re8 16. Nf4 Nc6 17. Nxd5 Nb6 18. Nxe7+ Nxe7 19. Qxb5 Nbd5 20. Qa6 Qd7 21.
Rac1 Rab8 22. b3 f4 23. Nd2 Rb4 24. Rc4 Nf5 25. Bxf4 Nxd4 26. Rxb4 Nxb4 27. Qc4
Nbc6 28. Ne4 Kg7 29. Nf6 Qe7 30. Bg5 Qe6 31. Nxe8+ Qxe8 32. Bf6+ Kg8 33. Rc1
Qd7 34. h3 Qf5 35. Kh1 Qf4 36. Rd1 Qe3 37. Rxd4 1-0

[Event "BL 1617 Hamburger SK - MSA Zugzwang"]
[Site "?"]
[Date "2017.02.19"]
[Round "8.1"]
[White "Bromberger, Stefan"]
[Black "Grandelius, Nils"]
[Result "1-0"]
[WhiteElo "2512"]
[BlackElo "2635"]
[PlyCount "51"]
[EventDate "2017.??.??"]

1. e4 c5 2. Nf3 d6 3. d4 cxd4 4. Nxd4 Nf6 5. Nc3 a6 6. h3 e6 7. g4 h6 8. Bg2
Be7 9. Be3 Nc6 10. f4 Nd7 11. O-O O-O 12. Nf3 b5 13. g5 hxg5 14. Nxg5 Bxg5 15.
fxg5 Nde5 16. Qh5 Bb7 17. Rad1 Rc8 18. a3 Nc4 19. Rf4 f5 20. g6 Rf6 21. Qh7+
Kf8 22. Qh8+ Ke7 23. Qxg7+ Ke8 24. Rh4 Rf8 25. Rh8 Rxh8 26. Qf7# 1-0

[Event "BL 1617 Hamburger SK - MSA Zugzwang"]
[Site "?"]
[Date "2017.02.19"]
[Round "8.2"]
[White "Bauer, Christian"]
[Black "Kindermann, Stefan"]
[Result "1/2-1/2"]
[WhiteElo "2642"]
[BlackElo "2505"]
[PlyCount "94"]
[EventDate "2017.??.??"]

1. d4 e6 2. Nf3 f5 3. h3 Nf6 4. g4 d5 5. gxf5 exf5 6. Rg1 g6 7. Bg5 Be7 8. e3
Be6 9. Nc3 c6 10. Ne2 Ne4 11. h4 Nd7 12. c3 Bxg5 13. hxg5 Qe7 14. Nf4 O-O-O 15.
Qa4 Kb8 16. Qb4 Rhe8 17. a4 Bg8 18. Qxe7 Rxe7 19. a5 a6 20. Bd3 Nd6 21. Ke2 Nf8
22. Rh1 Ne6 23. Nxe6 Bxe6 24. Ne5 Kc7 25. f3 Bg8 26. b3 Nf7 27. Nxf7 Rxf7 28.
Rae1 Re7 29. Kd2 Kd6 30. Re2 Rde8 31. Rhe1 Re6 32. c4 R6e7 33. Kc3 Rc8 34. e4
fxe4 35. fxe4 dxe4 36. Rxe4 Rxe4 37. Rxe4 Rf8 38. Kd2 Rf2+ 39. Re2 Rf4 40. Re4
Rf2+ 41. Be2 Rg2 42. Rg4 Rh2 43. Ke3 Be6 44. Re4 h6 45. gxh6 Rxh6 46. Bg4 g5
47. Kf3 Bxg4+ 1/2-1/2

[Event "BL 1617 Hamburger SK - MSA Zugzwang"]
[Site "?"]
[Date "2017.02.19"]
[Round "8.3"]
[White "Hertneck, Gerald"]
[Black "Svane, Rasmus"]
[Result "0-1"]
[WhiteElo "2487"]
[BlackElo "2570"]
[PlyCount "50"]
[EventDate "2017.??.??"]

1. d4 d5 2. Nf3 Nf6 3. c4 c6 4. Nc3 e6 5. Bg5 h6 6. Bxf6 Qxf6 7. Qb3 Qe7 8. a3
g6 9. e4 Bg7 10. O-O-O O-O 11. Kb1 dxe4 12. Nxe4 Nd7 13. Qb4 Qxb4 14. axb4 a5
15. bxa5 Rxa5 16. Nd6 e5 17. Be2 Ra4 18. d5 Nc5 19. Ne1 e4 20. Nc2 Bd7 21. dxc6
bxc6 22. Nb7 Nd3 23. Rxd3 exd3 24. Bxd3 Rb8 25. Nc5 Ra7 0-1

[Event "BL 1617 Hamburger SK - MSA Zugzwang"]
[Site "?"]
[Date "2017.02.19"]
[Round "8.4"]
[White "Ernst, Sipke"]
[Black "Zysk, Robert"]
[Result "0-1"]
[WhiteElo "2562"]
[BlackElo "2398"]
[PlyCount "80"]
[EventDate "2017.??.??"]

1. d4 e6 2. c4 Bb4+ 3. Bd2 a5 4. e3 Nf6 5. Bd3 O-O 6. Nc3 d5 7. Nf3 b6 8. O-O
dxc4 9. Bxc4 Bb7 10. Qe2 Nbd7 11. Rfd1 Qe7 12. a3 Bxc3 13. Bxc3 Ne4 14. Be1 c5
15. Bb5 Rfd8 16. Rac1 Rac8 17. dxc5 Rxc5 18. b4 Rxc1 19. Rxc1 axb4 20. Bxb4
Ndc5 21. Nd4 Qg5 22. Nf3 Qf6 23. Ne1 Qg5 24. Nf3 Qf6 25. a4 h6 26. h3 Bd5 27.
Nd4 Ra8 28. f3 Ng3 29. Qf2 Nf5 30. Nxf5 exf5 31. Bxc5 bxc5 32. Rxc5 Bb3 33. Bc6
Rc8 34. Bd5 Rxc5 35. Bxb3 Rc1+ 36. Kh2 Rc3 37. Bc2 Qe5+ 38. f4 Qc5 39. Bb1 g6
40. a5 Qxe3 0-1

[Event "BL 1617 Hamburger SK - MSA Zugzwang"]
[Site "?"]
[Date "2017.02.19"]
[Round "8.5"]
[White "Gerigk, Erasmus"]
[Black "Lampert, Jonas"]
[Result "0-1"]
[WhiteElo "2354"]
[BlackElo "2504"]
[PlyCount "162"]
[EventDate "2017.??.??"]

1. e4 e5 2. Nf3 Nc6 3. Bc4 Nf6 4. d3 Bc5 5. c3 O-O 6. O-O d5 7. exd5 Nxd5 8.
Nbd2 Nb6 9. b4 Be7 10. b5 Na5 11. Nxe5 Naxc4 12. Ndxc4 Qd5 13. a4 Nxc4 14. Nxc4
Bf5 15. Ne3 Qxd3 16. Nxf5 Qxf5 17. Be3 Bd6 18. Qb3 Rfe8 19. Rad1 Re4 20. Rd5
Qe6 21. Rfd1 Re8 22. c4 f5 23. Qd3 f4 24. Bd2 f3 25. g3 Rf8 26. Be3 Qh3 27. Qf1
Qxf1+ 28. Kxf1 Rxc4 29. R1d4 Rxd4 30. Bxd4 b6 31. a5 Kf7 32. axb6 axb6 33. Ke1
g6 34. Kd2 Re8 35. Kd3 h6 36. Be3 Ke6 37. Ke4 Ra8 38. Bxh6 Ra4+ 39. Rd4 Ra5 40.
Rd5 Ra4+ 41. Rd4 Ra5 42. Rd5 Bc5 43. Re5+ Kf7 44. Rd5 Ke6 45. Re5+ Kf6 46. Bg5+
Kf7 47. Rd5 Rxb5 48. Rd7+ Ke6 49. Rxc7 Bd6 50. Rb7 Rxg5 51. Rxb6 Rf5 52. Rc6
Rh5 53. Kxf3 Rxh2 54. Rc2 Kf5 55. Rd2 Be5 56. Ra2 g5 57. Ra4 Rh8 58. Re4 Rd8
59. Re2 Bd4 60. Re4 Bc5 61. Rc4 Bd4 62. Rc7 Rb8 63. Kg2 Rb2 64. Rf7+ Ke4 65.
Kf1 g4 66. Rf4+ Kd3 67. Rxg4 Rxf2+ 68. Ke1 Rf3 69. Rf4 Bc3+ 70. Kd1 Re3 71. Rf1
Bd4 72. Rf2 Bc3 73. Rf1 Re5 74. Rf3+ Kc4 75. Rf8 Re1+ 76. Kc2 Re2+ 77. Kd1 Rd2+
78. Kc1 Ra2 79. Rc8+ Kd3 80. Rd8+ Bd4 81. Rb8 Rg2 0-1

[Event "BL 1617 Hamburger SK - MSA Zugzwang"]
[Site "?"]
[Date "2017.02.19"]
[Round "8.6"]
[White "Kollars, Dmitrij"]
[Black "Dr. Hoffmeyer, Falk"]
[Result "1/2-1/2"]
[WhiteElo "2507"]
[BlackElo "2353"]
[PlyCount "108"]
[EventDate "2017.??.??"]

1. e4 c6 2. Nc3 d5 3. Nf3 Bg4 4. h3 Bxf3 5. Qxf3 Nf6 6. g3 e6 7. Bg2 Nbd7 8. d4
Bb4 9. e5 Ne4 10. O-O Nxc3 11. bxc3 Be7 12. Qd3 Nb6 13. f4 g6 14. g4 Qc7 15. f5
Nc4 16. Bh6 Bf8 17. Bxf8 Rxf8 18. fxe6 fxe6 19. Rxf8+ Kxf8 20. Rf1+ Kg8 21. Rf6
Qe7 22. Qf3 Rf8 23. g5 Nb6 24. Qg4 Re8 25. h4 Nd7 26. Rf3 Rf8 27. Bh3 Rxf3 28.
Qxf3 Qf7 29. Qe3 Nf8 30. Kg2 Qe7 31. Qf4 Nd7 32. Qg4 Nf8 33. Qf4 Nd7 34. Kg3
Qf7 35. Qc1 Qe7 36. Qb1 Nf8 37. Qc1 Nd7 38. Qf1 Qf7 39. Qb1 Nf8 40. Qb4 Qd7 41.
Kf4 Kf7 42. Bg4 Ke8 43. Ke3 Qe7 44. Qa5 a6 45. Qb6 h6 46. Qb4 hxg5 47. Qxe7+
Kxe7 48. hxg5 Nd7 49. Be2 b5 50. Bd3 Nf8 51. Kf4 Kf7 52. Kf3 Nh7 53. Kf4 Nf8
54. Kf3 Nh7 1/2-1/2

[Event "BL 1617 Hamburger SK - MSA Zugzwang"]
[Site "?"]
[Date "2017.02.19"]
[Round "8.8"]
[White "Heinemann, Thies"]
[Black "Lammers, Markus"]
[Result "1-0"]
[WhiteElo "2461"]
[BlackElo "2312"]
[PlyCount "61"]
[EventDate "2017.??.??"]

1. e4 d6 2. d4 g6 3. Nc3 Nf6 4. f4 c5 5. dxc5 Qa5 6. Qd4 Nc6 7. Bb5 Bd7 8. Bxc6
Bxc6 9. b4 e5 10. Qc4 Qd8 11. Nf3 Nxe4 12. Nxe4 d5 13. Qb3 dxe4 14. Nxe5 Qd5
15. Nxc6 bxc6 16. Bb2 Rg8 17. Qxd5 cxd5 18. O-O-O O-O-O 19. Bf6 Rd7 20. c4 dxc4
21. Rhe1 a5 22. a3 g5 23. fxg5 axb4 24. axb4 Bg7 25. Rxe4 Bxf6 26. gxf6 Rxg2
27. Rxd7 Kxd7 28. b5 Rxh2 29. Re7+ Kd8 30. b6 c3 31. b7 1-0

[Event "BL 1617 Schachfr. Berlin - SV Hockenhei"]
[Site "?"]
[Date "2017.02.19"]
[Round "8.2"]
[White "Vocaturo, Daniele"]
[Black "Buhmann, Rainer"]
[Result "1/2-1/2"]
[WhiteElo "2613"]
[BlackElo "2625"]
[PlyCount "70"]
[EventDate "2017.??.??"]

1. e4 e5 2. Nf3 Nc6 3. Bc4 Nf6 4. d3 Be7 5. O-O O-O 6. a4 d5 7. exd5 Nxd5 8. h3
Kh8 9. Re1 f6 10. a5 b6 11. axb6 Nxb6 12. Bb3 Bb7 13. Nc3 Qd7 14. Ne4 a5 15.
Be3 a4 16. Ba2 Nb4 17. Nc5 Bxf3 18. Nxd7 Bxd1 19. Nxf8 Nxc2 20. Rexd1 Nxa1 21.
Rxa1 Bxf8 22. Rc1 Bd6 23. Be6 Re8 24. Bxb6 cxb6 25. Bd7 Rd8 26. Bxa4 Bc5 27.
Bb5 g6 28. Rc2 Ra8 29. Kf1 Kg7 30. Ke2 f5 31. Bc6 Ra1 32. Bd5 Ra4 33. g3 Kf6
34. h4 h6 35. Rc4 Rxc4 1/2-1/2

[Event "BL 1617 Schachfr. Berlin - SV Hockenhei"]
[Site "?"]
[Date "2017.02.19"]
[Round "8.3"]
[White "Saric, Ivan"]
[Black "Kraemer, Martin"]
[Result "1/2-1/2"]
[WhiteElo "2648"]
[BlackElo "2571"]
[PlyCount "103"]
[EventDate "2017.??.??"]

1. Nf3 d5 2. g3 Bg4 3. Bg2 e6 4. d3 Nf6 5. h3 Bh5 6. O-O Be7 7. c4 c6 8. cxd5
Bxf3 9. Bxf3 cxd5 10. Nc3 Nc6 11. e4 d4 12. Ne2 Nd7 13. Bg2 O-O 14. f4 e5 15.
h4 Nc5 16. f5 a5 17. Kh1 a4 18. Ng1 Nb4 19. Rf3 Rc8 20. Bf1 b5 21. Rf2 Rc6 22.
Nf3 Qc7 23. Ne1 Rc8 24. Bd2 Nd7 25. Bh3 Na6 26. h5 f6 27. h6 Bb4 28. Bxb4 Nxb4
29. a3 Na6 30. b3 Ndc5 31. bxa4 bxa4 32. Rc2 Nb3 33. Raa2 Rc3 34. Qg4 Qe7 35.
Bf1 Kh8 36. Rxc3 Rxc3 37. Rh2 gxh6 38. Nf3 Rc1 39. Qh3 Nac5 40. Kg1 Qf8 41. Kg2
Nd7 42. Qh5 Ra1 43. Nh4 Ra2+ 44. Kg1 Rxh2 45. Kxh2 Kg7 46. Be2 Qe7 47. Bd1 Nf8
48. Qg4+ Kh8 49. Qh5 Kg7 50. Qg4+ Kf7 51. Qh5+ Kg7 52. Qg4+ 1/2-1/2

[Event "BL 1617 Schachfr. Berlin - SV Hockenhei"]
[Site "?"]
[Date "2017.02.19"]
[Round "8.4"]
[White "Mista, Aleksander"]
[Black "Wagner, Dennis"]
[Result "0-1"]
[WhiteElo "2611"]
[BlackElo "2568"]
[PlyCount "80"]
[EventDate "2017.??.??"]

1. e4 e5 2. Nf3 Nc6 3. Bb5 a6 4. Ba4 Nf6 5. O-O Be7 6. d3 b5 7. Bb3 d6 8. a3
O-O 9. Nc3 Bg4 10. Be3 Nd4 11. Bxd4 exd4 12. Nd5 Nd7 13. h3 Bxf3 14. Qxf3 a5
15. Nxe7+ Qxe7 16. Qg3 a4 17. Ba2 Qe5 18. f4 Qc5 19. Qf2 Rab8 20. c3 dxc3 21.
d4 Qc6 22. e5 cxb2 23. Qxb2 Nb6 24. Rab1 Nc4 25. Bxc4 Qxc4 26. Rfc1 Qd3 27.
Rxc7 Qe3+ 28. Qf2 Qxa3 29. f5 Qd3 30. Re1 b4 31. f6 gxf6 32. Re3 Qg6 33. Rg3 b3
34. h4 b2 35. h5 b1=Q+ 36. Kh2 Qbe4 37. Qxf6 Qxg3+ 38. Kxg3 Rb3+ 39. Kh2 Qg4
40. h6 Qg3+ 0-1

[Event "BL 1617 Schachfr. Berlin - SV Hockenhei"]
[Site "?"]
[Date "2017.02.19"]
[Round "8.5"]
[White "Moiseenko, Alexander"]
[Black "Jakubowski, Krzysztof"]
[Result "1/2-1/2"]
[WhiteElo "2661"]
[BlackElo "2534"]
[PlyCount "95"]
[EventDate "2017.??.??"]

1. d4 d5 2. c4 e6 3. Nc3 Nf6 4. cxd5 exd5 5. Bg5 c6 6. e3 Nbd7 7. Bd3 Be7 8.
Nf3 O-O 9. Qc2 Re8 10. h3 Nf8 11. O-O Be6 12. Rae1 Rc8 13. a3 a6 14. Na4 Rc7
15. Nc5 Bc8 16. b4 g6 17. Bh6 Bd6 18. Ne5 Nh5 19. Qc3 f6 20. Nf3 Rce7 21. a4 g5
22. Rb1 g4 23. hxg4 Bxg4 24. Nh2 Bxh2+ 25. Kxh2 Qd6+ 26. Kg1 f5 27. Bxf8 Rxf8
28. f3 Bh3 29. Rf2 Rg7 30. Bf1 Ng3 31. b5 axb5 32. axb5 Qh6 33. Rfb2 Bg4 34.
bxc6 Qh1+ 35. Kf2 Qh4 36. Kg1 Qh1+ 37. Kf2 Qh4 38. Kg1 Bxf3 39. cxb7 Qh1+ 40.
Kf2 Ne4+ 41. Nxe4 Rxg2+ 42. Bxg2 Qxg2+ 43. Ke1 Qg1+ 44. Kd2 Qg2+ 45. Kc1 Qg1+
46. Kd2 Qg2+ 47. Kc1 Qg1+ 48. Kd2 1/2-1/2

[Event "BL 1617 Schachfr. Berlin - SV Hockenhei"]
[Site "?"]
[Date "2017.02.19"]
[Round "8.6"]
[White "Lauber, Arnd"]
[Black "Baramidze, David"]
[Result "0-1"]
[WhiteElo "2424"]
[BlackElo "2604"]
[PlyCount "74"]
[EventDate "2017.??.??"]

1. d4 Nf6 2. c4 g6 3. Nc3 d5 4. Nf3 Bg7 5. Bf4 O-O 6. Rc1 dxc4 7. e3 Be6 8. Ng5
Bd5 9. e4 h6 10. exd5 hxg5 11. Bxg5 Nxd5 12. Bxc4 Nb6 13. Bb3 Nc6 14. Ne2 Rc8
15. O-O Nxd4 16. Nxd4 Qxd4 17. Qf3 e6 18. Qxb7 Nd5 19. Rfd1 Qg4 20. Bxd5 Qxg5
21. Bb3 c5 22. Qxa7 Bxb2 23. Rc2 Bd4 24. Qb7 Qf5 25. Qa6 Rfd8 26. Rf1 Kg7 27.
Qe2 Rh8 28. Rd1 Rh4 29. h3 Rf4 30. Rf1 Rh8 31. Rd2 e5 32. Rd3 Bxf2+ 33. Rxf2
Rxf2 34. Qxf2 Qxd3 35. Qxf7+ Kh6 36. Qf6 Qe3+ 37. Kh1 Qc1+ 0-1

[Event "BL 1617 Schachfr. Berlin - SV Hockenhei"]
[Site "?"]
[Date "2017.02.19"]
[Round "8.7"]
[White "Braun, Arik"]
[Black "Baldauf, Marco"]
[Result "0-1"]
[WhiteElo "2586"]
[BlackElo "2439"]
[PlyCount "90"]
[EventDate "2017.??.??"]

1. d4 Nf6 2. c4 g6 3. Nc3 d5 4. Nf3 Bg7 5. Bf4 O-O 6. Rc1 dxc4 7. e3 Be6 8. Ng5
Bd5 9. e4 h6 10. exd5 hxg5 11. Bxg5 Nxd5 12. Bxc4 Nb6 13. Bb3 Nc6 14. Ne2 a5
15. a4 Rc8 16. O-O Nxd4 17. Nxd4 Qxd4 18. Qf3 e6 19. Rfe1 Nd7 20. h4 Ne5 21.
Qg3 Qg4 22. Qe3 c5 23. Be7 Rfe8 24. Bd6 Nd7 25. Qe2 Qxh4 26. g3 Qb4 27. Bc4 Nb6
28. Bb5 Red8 29. Be5 Bxe5 30. Qxe5 Qd4 31. Qe2 Qf6 32. Rc3 Rd5 33. Rf3 Rf5 34.
Rxf5 gxf5 35. Rc1 Kg7 36. b3 Nd5 37. Bc4 Nc3 38. Qe3 Ne4 39. Rd1 Rd8 40. Rxd8
Qxd8 41. Kg2 Qd2 42. Qf3 b6 43. Kg1 Nf6 44. Kg2 Ng4 45. Kg1 Ne5 0-1

[Event "BL 1617 SK König Tegel - SV Griesheim"]
[Site "?"]
[Date "2017.02.19"]
[Round "8.1"]
[White "Georgiadis, Nicolas"]
[Black "Stern, Rene"]
[Result "1-0"]
[WhiteElo "2475"]
[BlackElo "2515"]
[PlyCount "115"]
[EventDate "2017.??.??"]

1. e4 e5 2. Nf3 Nc6 3. Bb5 a6 4. Ba4 Nf6 5. O-O Be7 6. Re1 b5 7. Bb3 d6 8. c3
O-O 9. h3 Na5 10. Bc2 c5 11. d4 Qc7 12. Nbd2 Nc6 13. d5 Nd8 14. a4 Rb8 15. b4
Nb7 16. axb5 axb5 17. Nf1 Bd7 18. Be3 Ra8 19. Qd2 Rfb8 20. Bd3 Qc8 21. Ng3 Rxa1
22. Rxa1 c4 23. Bc2 Ra8 24. Rf1 Ne8 25. Nh2 f6 26. f4 exf4 27. Bxf4 Nd8 28. Nf3
Nf7 29. Nd4 g6 30. Nge2 Ng7 31. Kh2 Ra2 32. Qc1 Ne5 33. Bb1 Ra1 34. Nc2 Ra8 35.
Ncd4 Bf8 36. Bg3 Nh5 37. Bh4 Bg7 38. Ng3 Nxg3 39. Bxg3 Qe8 40. Qb2 Qe7 41. Qd2
h5 42. Qd1 Bh6 43. Nf3 Kg7 44. Bc2 Ra3 45. Qd4 Ra2 46. Bd1 Bxh3 47. Kxh3 Qd7+
48. Kh2 Ng4+ 49. Kh1 Ne3 50. Rf2 Ra1 51. Ng1 Rxd1 52. Qxf6+ Kh7 53. Qe6 Qxe6
54. dxe6 Bg5 55. e7 Bxe7 56. Rf7+ Kg8 57. Rxe7 g5 58. Bf2 1-0

[Event "BL 1617 SK König Tegel - SV Griesheim"]
[Site "?"]
[Date "2017.02.19"]
[Round "8.2"]
[White "Rabiega, Robert"]
[Black "Krassowizkij, Jaroslaw"]
[Result "1-0"]
[WhiteElo "2504"]
[BlackElo "2454"]
[PlyCount "59"]
[EventDate "2017.??.??"]

1. e4 e6 2. d4 d5 3. Nc3 Nf6 4. Bg5 Bb4 5. Nge2 dxe4 6. a3 Be7 7. Bxf6 Bxf6 8.
Nxe4 Nc6 9. c3 Be7 10. g3 f5 11. Nd2 Qd5 12. Rg1 e5 13. Bg2 e4 14. f3 exf3 15.
Bxf3 Qd6 16. Qb3 a5 17. a4 Ra6 18. Nc4 Qh6 19. Nf4 Bd6 20. Nxd6+ Qxd6 21. O-O-O
Nd8 22. Rge1+ Kf8 23. Rd2 Bd7 24. Rde2 g5 25. Nd3 Rb6 26. Qc2 g4 27. Bg2 Qh6+
28. Kb1 Rd6 29. Nc5 Qg6 30. Re7 1-0